Sanskrit-English dictionary (Record no. 740550)

MARC details
000 -LEADER
fixed length control field 00731nam a2200241Ia 4500
003 - CONTROL NUMBER IDENTIFIER
control field OSt
005 - DATE AND TIME OF LATEST TRANSACTION
control field 20220928111518.0
008 - FIXED-LENGTH DATA ELEMENTS--GENERAL INFORMATION
fixed length control field 220927b |||||||| |||| 00| 0 eng d
037 ## - SOURCE OF ACQUISITION
Terms of availability Reference Collections
040 ## - CATALOGING SOURCE
Original cataloging agency SDCL
Transcribing agency SDCL
Language of cataloging eng
041 ## - LANGUAGE CODE
Source of code eng
Language code of text/sound track or separate title eng
100 ## - MAIN ENTRY--PERSONAL NAME
Personal name Wilson Horace Hayman
9 (RLIN) 397661
245 #0 - TITLE STATEMENT
Title Sanskrit-English dictionary
Remainder of title A comprehensive Sanskrit-English lexicon.
250 ## - EDITION STATEMENT
Edition statement Rev. & Enlarged
260 ## - PUBLICATION, DISTRIBUTION, ETC.
Place of publication, distribution, etc. Delhi
Name of publisher, distributor, etc. Nag Publishers
Date of publication, distribution, etc. 1874
300 ## - PHYSICAL DESCRIPTION
Extent 839p
Dimensions cm.
942 ## - ADDED ENTRY ELEMENTS (KOHA)
Classification part P15k, 111A74 RR
Koha item type Reference
Source of classification or shelving scheme Colon Classification (CC)
Holdings
Withdrawn status Lost status Damaged status Not for loan Home library Current library Date acquired Total Checkouts Full call number Barcode Date last seen Price effective from Koha item type
        South Campus Library South Campus Library 2022-09-28   P15k 111A74 RR SC0615011 2022-09-28 2022-09-28 Reference
Copyright @ Delhi University Library System